000
00313nam a22001457a 4500
020
_a
81-85226-72-5
082
_a
894.812.3
_b
RAM/P
100
_a
RAMACHANDRAN NAIR,PANMANA
245
_a
POONTHEN
250
_a
FIRST
260
_a
KOTTAYAM
_b
KAIRALI
_c
1979
300
_a
64
650
_a
STORY
_z
KERALA
942
_c
BK
999
_c
1661
_d
1661